The complexities of defining female well-being /
Guardado en:
| Autor principal: | |
|---|---|
| Formato: | Texto |
| Etiquetas: |
Agregar Etiqueta
Sin Etiquetas, Sea el primero en etiquetar este registro!
|
MARC
| LEADER | 00000 a a2200000 04500 | ||
|---|---|---|---|
| 001 | 41514 | ||
| 003 | |||
| 040 | |||
| 100 | |a Mancini Billson, Janet | ||
| 245 | |a The complexities of defining female well-being / |c Janet Mancini Billson | ||
| 773 | |g páginas 23-41 | ||
| 999 | |c 27474 |d 27474 | ||
